000
00331nam a2200145Ia 4500
008
210210b1992 xxu||||| |||| 00| 0 eng d
082
_a
530 BAJP
100
_a
BAJAJ (N K).
245
_a
Physics for class XI.
260
_a
ND
_b
T M H
_c
1992
300
_a
611
650
_a
Physics XI class
690
_a
Physics
906
_a
046401
999
_c
95425
_d
95425